MARC
| LEADER | 00000nam a2200000Ia 4500 | ||
|---|---|---|---|
| 008 | 180927b1998 cr ||||| |||| 00| 0 spa d | ||
| 999 | |c 2543 |d 2543 | ||
| 090 | |a DOC # 4 | ||
| 100 | 1 | |a Esquivel Alfaro, Juan Manuel |9 157 | |
| 245 | 1 | 0 | |a Pruebas estándares y equidad en la educación costarricense |
| 260 | |a San José, Costa Rica : |b [s.n.], |c 1998 | ||
| 300 | |a 19 páginas | ||
| 650 | 1 | 4 | |a EDUCACIÓN |9 1 |
| 650 | 1 | 4 | |a PRUEBAS |9 629 |
| 650 | 1 | 4 | |a EQUIDAD |9 343 |
| 942 | |i 001163 |h DOC # 4 |2 z |c 04 | ||
